Finding Colombia (Record no. 30967)

000 -LEADER
fixed length control field 00465nam a22001577a 4500
008 - FIXED-LENGTH DATA ELEMENTS--GENERAL INFORMATION
fixed length control field 210309b ||||| |||| 00| 0 eng d
020 ## - INTERNATIONAL STANDARD BOOK NUMBER
International Standard Book Number 9780195747119
050 ## - LIBRARY OF CONGRESS CALL NUMBER
Classification number PR9381.9.
Item number K66
100 ## - MAIN ENTRY--PERSONAL NAME
Personal name Kombani, Kinyanjui
245 ## - TITLE STATEMENT
Title Finding Colombia
Statement of responsibility, etc. Kinyanjui Kombani
260 ## - PUBLICATION, DISTRIBUTION, ETC. (IMPRINT)
Place of publication, distribution, etc. Nairobi;Kenya
Name of publisher, distributor, etc. Oxford University press East African ltd.
Date of publication, distribution, etc. 2018
300 ## - PHYSICAL DESCRIPTION
Extent 123p.;
Dimensions 18cm.
650 ## - SUBJECT ADDED ENTRY--TOPICAL TERM
Topical term or geographic name as entry element Kenyan fiction (English)
650 ## - SUBJECT ADDED ENTRY--TOPICAL TERM
Topical term or geographic name as entry element Drug addicts
942 ## - ADDED ENTRY ELEMENTS (KOHA)
Source of classification or shelving scheme
Koha item type Africana (Books)
Holdings
Withdrawn status Lost status Source of classification or shelving scheme Damaged status Not for loan Home library Current library Shelving location Date acquired Cost, normal purchase price Total Checkouts Full call number Barcode Date last seen Date last checked out Cost, replacement price Price effective from Koha item type
          MACHAKOS UNIVERSITY LIBRARY MACHAKOS UNIVERSITY LIBRARY Africana 09/03/2021 650.00 1 PR9381.9.K66 2018 23625 13/10/2023 13/10/2023 650.00 09/03/2021 Africana (Books)
          MACHAKOS UNIVERSITY LIBRARY MACHAKOS UNIVERSITY LIBRARY Africana 09/03/2021 650.00 1 PR9381.9.K66 2018 23626 12/10/2023 12/10/2023 650.00 09/03/2021 Africana (Books)
          MACHAKOS UNIVERSITY LIBRARY MACHAKOS UNIVERSITY LIBRARY Open shelf 09/03/2021 650.00 3 PR9381.9.K66 2018 23627 28/05/2026 27/04/2026 650.00 09/03/2021 Hard Covered Materials
          MACHAKOS UNIVERSITY LIBRARY MACHAKOS UNIVERSITY LIBRARY Africana 09/03/2021 650.00   PR9381.9.K66 2018 23628 09/03/2021   650.00 09/03/2021 Africana (Books)
© Machakos University Library, Along The Highway, Machakos Wote Rd, Machakos, Kenya P.O. Box 136 - 90100 Machakos - Kenya

Tel: ( +254 ) 723 805829 OR Fax : 044-20353 OR Email: library@mksu.ac.ke